ბათუმის შოთა რუსთაველის სახელმწიფო უნივერსიტეტის ბიბლიოთეკა

Гражданское право (ბიბ.ჩანაწერი № 36110)

000 -LEADER
fixed length control field 00686nam a2200241Ia 4500
001 - CONTROL NUMBER
control field 2010
003 - CONTROL NUMBER IDENTIFIER
control field GE_BSU
008 - FIXED-LENGTH DATA ELEMENTS--GENERAL INFORMATION
fixed length control field 181216s||||||||xx |||||||||||||| ||und||
020 ## - INTERNATIONAL STANDARD BOOK NUMBER
International Standard Book Number 9785238012193
040 ## - CATALOGING SOURCE
Transcribing agency GE_BSU
080 ## - UNIVERSAL DECIMAL CLASSIFICATION NUMBER
Universal Decimal Classification number 347(470)(075.8)
245 ## - TITLE STATEMENT
Title Гражданское право
245 ## - TITLE STATEMENT
Remainder of title Учебн. для студ. вузов
245 ## - TITLE STATEMENT
Statement of responsibility, etc. Под ред.М.М.Рассолова П.В.Алексия
250 ## - EDITION STATEMENT
Edition statement 2-е изд. доп. и перераб
260 ## - PUBLICATION, DISTRIBUTION, ETC.
Place of publication, distribution, etc. Москва
260 ## - PUBLICATION, DISTRIBUTION, ETC.
Name of publisher, distributor, etc. Юнити.Закон и право
260 ## - PUBLICATION, DISTRIBUTION, ETC.
Date of publication, distribution, etc. 2007
300 ## - PHYSICAL DESCRIPTION
Extent 847стр.
653 ## - INDEX TERM--UNCONTROLLED
Uncontrolled term Гражданское право
942 ## - ADDED ENTRY ELEMENTS (KOHA)
Koha item type წიგნი
ეგზემპლარები
Withdrawn status Lost status Damaged status Not for loan Date acquired Barcode Date last seen Price effective from Koha item type
        2018-12-17 3787 2018-12-17 2018-12-17 წიგნი